LEADER 01068nam a2200313 i 4500 001 991003383289707536 005 20241114100619.0 008 010104s1968 it er ||1 | ita d 035 $ab1049747x-39ule_inst 035 $aEXGIL119896$9ExL 040 $aBibl. Interfacoltà T. Pellegrino$bita$dSocioculturale Scs 041 1 $aita$heng 082 04$a160$223 100 1 $aQuine, W. V.$058505 240 10$aElementary logic$917000 245 10$aLogica elementare /$cWillard Van Orman Quine 260 $aRoma :$bUbaldini,$c1968 300 $a158 p. ;$c22 cm 490 1 $aCollana di filosofia e epistemologia 500 $aTraduzione di Francesco Gana 650 4$aLogica 700 1 $aGana, Francesco 830 0$aCollana di filosofia e epistemologia 907 $a.b1049747x$b21-02-17$c27-06-02 912 $a991003383289707536 945 $aLE002 Fil. X N 26$g1$i2002000534637$lle002$o-$pE0.00$q-$rl$s-$t0$u0$v0$w0$x0$y.i10574049$z27-06-02 996 $aElementary Logic$917000 997 $aUNISALENTO 998 $ale002$b01-01-01$cm$da$e-$fita$git$h0$i1 LEADER 04124nam 22005655 450 001 9910865270403321 005 20250808093140.0 010 $a9783031536229$b(electronic bk.) 010 $z9783031536212 024 7 $a10.1007/978-3-031-53622-9 035 $a(MiAaPQ)EBC31360916 035 $a(Au-PeEL)EBL31360916 035 $a(CKB)32213124100041 035 $a(DE-He213)978-3-031-53622-9 035 $a(OCoLC)1437652847 035 $a(EXLCZ)9932213124100041 100 $a20240602d2024 u| 0 101 0 $aeng 135 $aurcnu|||||||| 181 $ctxt$2rdacontent 182 $cc$2rdamedia 183 $acr$2rdacarrier 200 10$aArtificial Intelligence Valuation $eThe Impact on Automation, BioTech, ChatBots, FinTech, B2B2C, and Other Industries /$fby Roberto Moro-Visconti 205 $a1st ed. 2024. 210 1$aCham :$cSpringer Nature Switzerland :$cImprint: Palgrave Macmillan,$d2024. 215 $a1 online resource (710 pages) 225 0 $aEconomics and Finance Series 311 08$aPrint version: Moro-Visconti, Roberto Artificial Intelligence Valuation Cham : Palgrave Macmillan,c2024 9783031536212 327 $a1. Introduction -- 2. The valuation of intangible assets: an introduction -- 3. Artificial Intelligence-driven Digital Scalability and Growth Options -- 4. The valuation of Artificial Intelligence-driven know-how and patents -- 5. The valuation of Artificial Intelligence-driven startups -- 6. The valuation of software as a prerequisite for Artificial Intelligence -- 7. The Valuation of Artificial Intelligence -- 8. Chatbots and generative artificial intelligence -- 9. Sustainable Artificial Intelligence Issues: from ESG Valuation to Ethical Concerns -- 10. Artificial Intelligence-driven Industry Applications -- 11. Artificial Intelligence Valuation: Empirical Cases and Templates. 330 $aThe book discusses the main valuation methodologies of artificial intelligence (AI). Company valuation goes hand in hand with estimating intangible assets like AI, which are linked to higher risk and lower collateral value. Their accounting is controversial, and the most widely used valuation approaches are based on market, income, or cost-related metrics.The volume discusses in detail the valuation approaches such as the discounted cash flows (remembering that ?cash is king?) or the empirical market multipliers and comparables. The approaches are complemented by several models, including advanced business planning that incorporates machine learning, digital scalability networks, or validating blockchains. The book, with a tailor-made theoretical background backed by empirical cases, shows how to evaluate AI products, such as chatbots or virtual assistants, for AI established producers, startups, or traditional ?brick-and-mortar? AI users. The comprehensive set of techniques and methodologies will interest researchers, students, and practitioners in corporate finance, intellectual property valuation, and financial technology. Roberto Moro-Visconti is a professor of Corporate Finance at the Catholic University of the Sacred Heart, Milan, Italy. He is the director of studio Moro-Visconti, chartered accountants, and financial consultants. Dr. Moro-Visconti manages a consolidated financial boutique that derives from a deep-routed tradition of professional consultants and specializes in Intellectual Property Appraisal. 606 $aValuation 606 $aArtificial intelligence 606 $aFinancial engineering 606 $aInvestment Appraisal 606 $aArtificial Intelligence 606 $aFinancial Technology and Innovation 615 0$aValuation. 615 0$aArtificial intelligence. 615 0$aFinancial engineering. 615 14$aInvestment Appraisal. 615 24$aArtificial Intelligence. 615 24$aFinancial Technology and Innovation. 676 $a658.15 700 $aMoro Visconti$b Roberto$0105248 801 0$bMiAaPQ 801 1$bMiAaPQ 801 2$bMiAaPQ 912 $a9910865270403321 996 $aArtificial Intelligence Valuation$94169569 997 $aUNINA